• 首页
  • 本馆介绍
  • 公告通知
  • 最新文献
  • 馆藏检索
  • 电子资源
  • 读者导购
  • 参考咨询
  • 我的图书馆
  • 登录
  • 详细信息显示
  • 放入我的书架
  • 预约/预借图书
  • 作者相关作品
  • 分类相关作品
  • 丛书相关作品
  • 出版社相关作品

书目信息

  • 表格格式
  • 工作单格式
  • 卡片格式
题名:
农村聚落生态研究
    
 
作者: 刘邵权 著
分册:  
出版信息: 北京   中国环境科学出版社  2006
页数: 266页
开本: 21cm
丛书名: 青年地理学家系列丛书
单 册:
中图分类: X322.2
科图分类:
主题词: 农村--聚落环境--生态环境--研究--中国 , 农村 , 聚落环境 , 生态环境
电子资源:
ISBN: 7-80209-259-0
000 01195oam2 2200313 450
001 003275128
005 20061220175944.0
010    @a7-80209-259-0@dCNY26.00
035    @a003275128
100    @a20060104d2006 em y0chiy0110 ea
101 0  @achi@deng
102    @aCN@b110000
105    @aa z 000yy
106    @ar
200 1  @a农村聚落生态研究@Anong cun ju luo sheng tai yan jiu@e理论与实践@Eli lun yu shi jian@dRural settlement ecology@etheory and practice@f刘邵权著@Fliu shao quan zhu@zeng
210    @a北京@c中国环境科学出版社@d2006
215    @a266页@c图@d21cm
225 2  @a青年地理学家系列丛书@Aqing nian di li xue jia xi lie cong shu
330    @a本书阐述了农村聚落生态学的研究对象、研究内容及其学科理论基础,探讨了农村聚落生态系统的结构、功能、物质循环、生态类型划分与生态区划等问题。
461  0 @1001003300035@12001 @a青年地理学家系列丛书
510 1  @aRural settlement ecology@etheory and practice@zeng
606 0  @a农村@x聚落环境@x生态环境@x研究@y中国
606 0  @a农村
606 0  @a聚落环境
606 0  @a生态环境
690    @aX322.2@v4
701  0 @a刘邵权@Aliu shao quan@f(1968~)@4著
801  0 @aCN@bNLC@c20061221
905    @dX322.2@e101 @f3
    
    农村聚落生态研究:理论与实践=Rural settlement ecology:theory and practice/刘邵权著.-北京:中国环境科学出版社,2006
    266页:图;21cm.-(青年地理学家系列丛书)
    
    
    ISBN 7-80209-259-0:CNY26.00
    本书阐述了农村聚落生态学的研究对象、研究内容及其学科理论基础,探讨了农村聚落生态系统的结构、功能、物质循环、生态类型划分与生态区划等问题。
●
相关链接 在E读中查询图书 在五车中查询图书 在当当中查询图书 在豆瓣中查询图书


正题名:农村聚落生态研究     索取号:X322.2/101         预约/预借

序号 登录号 条形码 馆藏地/架位号 状态 备注
1 0807845   208078453   第二样本阅览室/ [索取号:X322.2/101] 在馆    
2 0807846   208078462   第三借阅区/ [索取号:X322.2/101] 在馆    
3 0853929   208539296   第三借阅区/ [索取号:X322.2/101] 在馆    
4 0853930   208539303   第三借阅区/ [索取号:X322.2/101] 在馆    
5 0853931   208539312   第三借阅区/ [索取号:X322.2/101] 在馆    
唐山师范学院图书馆 欢迎您!
大连网信软件有限公司© 版权所有